[Event "7. Festival Benidorm 2008 - Sub-2000"]
[Site "Benidorm ESP"]
[Date "2008.12.02"]
[Round "4.14"]
[White "Santos Izquierdo, Carlos"]
[Black "Beltran Garcia, Ruben"]
[Result "0-1"]
[WhiteElo "1709"]
[BlackElo "1984"]
[PlyCount "82"]
[EventDate "2008.11.29"]
[EventRounds "9"]
[EventCountry "ESP"]
[Source "lmi"]
[SourceDate "2008.11.29"]

1. c4 e5 2. g3 Nc6 3. Bg2 Nf6 4. Nc3 Bc5 5. d3 h6 6. Nf3 d6 7. a3 a6 8. b4 Ba7
9. Rb1 O-O 10. O-O Bg4 11. h3 Be6 12. e4 Qd7 13. Kh2 Ne7 14. Nd5 Ne8 15. Qe2
Ng6 16. Be3 Qd8 17. Bxa7 Rxa7 18. Qe3 Ra8 19. d4 c6 20. Nc3 Bxc4 21. Rfd1 Qc7
22. Nd2 Be6 23. d5 cxd5 24. Nxd5 Bxd5 25. exd5 Rc8 26. Rbc1 Qxc1 27. Rxc1 Rxc1
28. Nb3 Rc7 29. Na5 f5 30. Qb6 Rff7 31. a4 f4 32. Be4 Ne7 33. Nb3 Nc8 34. Qa5
fxg3+ 35. fxg3 Rf2+ 36. Kg1 Rb2 37. Nc5 b6 38. Qxa6 dxc5 39. Bf5 cxb4 40. Be6+
Kh8 41. Qf1 Nf6 0-1

[Event "7. Festival Benidorm 2008 - Sub-2000"]
[Site "Benidorm ESP"]
[Date "2008.12.02"]
[Round "4.16"]
[White "Rios Torondell, Jaume"]
[Black "De La Fuente Ortega, Alberto"]
[Result "1-0"]
[WhiteElo "1961"]
[BlackElo "1824"]
[PlyCount "99"]
[EventDate "2008.11.29"]
[EventRounds "9"]
[EventCountry "ESP"]
[Source "lmi"]
[SourceDate "2008.11.29"]

1. e4 c5 2. Nf3 e6 3. d4 cxd4 4. Nxd4 a6 5. c4 Nc6 6. Nxc6 dxc6 7. Qxd8+ Kxd8
8. Bf4 f6 9. Nc3 e5 10. Be3 Be6 11. Bb6+ Ke8 12. Be2 Be7 13. O-O-O Nh6 14. Na4
Kf7 15. Bc5 Rad8 16. Bxe7 Kxe7 17. Nc5 Bc8 18. b4 Rxd1+ 19. Rxd1 Rd8 20. Rxd8
Kxd8 21. Kd2 Kc7 22. a4 b6 23. Nd3 Nf7 24. c5 Ng5 25. cxb6+ Kxb6 26. a5+ Ka7
27. Ke3 Nf7 28. Nc5 Nd6 29. g3 Nb5 30. Bxb5 cxb5 31. f4 exf4+ 32. gxf4 Kb8 33.
Kd4 Kc7 34. Kd5 g5 35. fxg5 fxg5 36. Ne6+ Bxe6+ 37. Kxe6 g4 38. Kf5 Kd6 39.
Kxg4 Ke5 40. Kf3 h6 41. Ke3 h5 42. h4 Ke6 43. Kd4 Kd6 44. e5+ Ke6 45. Ke4 Ke7
46. Kd5 Kd7 47. e6+ Ke7 48. Ke5 Ke8 49. Kd6 Kd8 50. Kc6 1-0

[Event "7. Festival Benidorm 2008 - Sub-2000"]
[Site "Benidorm ESP"]
[Date "2008.12.02"]
[Round "4.19"]
[White "Bote Kobolo, Benjamin"]
[Black "Harutyunyan, Tigran"]
[Result "0-1"]
[WhiteElo "1950"]
[BlackElo "1858"]
[PlyCount "74"]
[EventDate "2008.11.29"]
[EventRounds "9"]
[EventCountry "ESP"]
[Source "lmi"]
[SourceDate "2008.11.29"]

1. e4 c5 2. Nf3 d6 3. Nc3 a6 4. a4 g6 5. Bc4 Bg7 6. Ng5 e6 7. d3 Ne7 8. O-O O-O
9. Qg4 h6 10. Nh3 d5 11. Ba2 Nbc6 12. Qh4 Kh7 13. Bg5 f6 14. Bd2 Nd4 15. Rac1
b5 16. Rfe1 Bb7 17. f3 Rc8 18. Kh1 Qd7 19. a5 b4 20. Nd1 Qa4 21. Bb1 Qxa5 22.
Ndf2 g5 23. Bxg5 fxg5 24. Nxg5+ Kg8 25. Nxe6 Ng6 26. Qg4 Nxe6 27. Qxe6+ Kh7 28.
exd5 Rce8 29. Qd7 Bc8 30. Qa7 Kg8 31. c3 bxc3 32. Rxe8 Rxe8 33. bxc3 Qxc3 34.
Rg1 Re1 35. g3 Bd4 36. g4 Rxg1+ 37. Kxg1 Qe1+ 0-1

[Event "7. Festival Benidorm 2008 - Sub-2000"]
[Site "Benidorm ESP"]
[Date "2008.12.02"]
[Round "4.23"]
[White "Navarro Molina, Carmelo Jose"]
[Black "Santos Ramos, Carles"]
[Result "1/2-1/2"]
[WhiteElo "1908"]
[BlackElo "1999"]
[PlyCount "119"]
[EventDate "2008.11.29"]
[EventRounds "9"]
[EventCountry "ESP"]
[Source "lmi"]
[SourceDate "2008.11.29"]

1. e4 c5 2. Nf3 Nc6 3. d4 cxd4 4. Nxd4 Nf6 5. Nc3 d6 6. Be3 g6 7. f3 Bg7 8. Qd2
Nxd4 9. Bxd4 O-O 10. O-O-O Be6 11. g4 Qa5 12. Kb1 Rfc8 13. a3 a6 14. g5 Nh5 15.
Bxg7 Kxg7 16. Nd5 Qxd2 17. Rxd2 Bxd5 18. Rxd5 Rc7 19. h4 Rac8 20. c3 Rc6 21.
Bh3 R8c7 22. e5 Nf4 23. exd6 Nxd5 24. dxc7 Nxc7 25. Bg2 Rd6 26. Kc2 Nd5 27. Re1
Nf4 28. Bf1 e6 29. Re4 Nh5 30. Rb4 Rd7 31. Bd3 Ng3 32. Rb6 h6 33. b4 Re7 34.
Kd2 Nf5 35. Bxf5 gxf5 36. f4 hxg5 37. hxg5 Kg6 38. c4 Kh5 39. Ke3 Kg4 40. c5 e5
41. fxe5 Kxg5 42. Kd4 Kf4 43. a4 Kg3 44. b5 axb5 45. axb5 f4 46. Rf6 f3 47. c6
bxc6 48. bxc6 f2 49. Kd5 Kg2 50. Rxf2+ Kxf2 51. Kd6 Re6+ 52. Kd5 Kf3 53. c7 Re8
54. Kd6 Kf4 55. e6 fxe6 56. Kd7 Rh8 57. Kxe6 Ke4 58. Kd7 Kd5 59. c8=Q Rh7+ 60.
Kd8 1/2-1/2

[Event "7. Festival Benidorm 2008 - Sub-2000"]
[Site "Benidorm ESP"]
[Date "2008.12.02"]
[Round "4.24"]
[White "Frey, Armin"]
[Black "Styazhkina, Anna"]
[Result "1/2-1/2"]
[WhiteElo "1999"]
[BlackElo "1907"]
[PlyCount "68"]
[EventDate "2008.11.29"]
[EventRounds "9"]
[EventCountry "ESP"]
[Source "lmi"]
[SourceDate "2008.11.29"]

1. f4 d5 2. e3 Nf6 3. Nf3 c5 4. Be2 Nc6 5. d4 Bg4 6. Nbd2 e6 7. O-O Bd6 8. c3
O-O 9. Ne5 Bxe2 10. Qxe2 Qc7 11. g4 Ne4 12. Ndf3 f6 13. Nxc6 Qxc6 14. Bd2 Rab8
15. dxc5 Bxc5 16. Nd4 Qb6 17. b4 Be7 18. Rfc1 Rbc8 19. a4 e5 20. a5 Qd6 21. Nf5
Qd7 22. Be1 Bd6 23. Qd3 Qc6 24. Rd1 exf4 25. Qxd5+ Qxd5 26. Rxd5 Rcd8 27. Nxd6
Rxd6 28. Rxd6 Nxd6 29. Rd1 Ne4 30. exf4 Re8 31. Bf2 b6 32. axb6 axb6 33. b5 Rc8
34. Rd7 Nxc3 1/2-1/2

[Event "7. Festival Benidorm 2008 - Sub-2000"]
[Site "Benidorm ESP"]
[Date "2008.12.02"]
[Round "4.25"]
[White "Vazquez Rodriguez, Jorge"]
[Black "Baeza Escudero, Javier"]
[Result "1-0"]
[WhiteElo "1998"]
[BlackElo "1901"]
[PlyCount "85"]
[EventDate "2008.11.29"]
[EventRounds "9"]
[EventCountry "ESP"]
[Source "lmi"]
[SourceDate "2008.11.29"]

1. e4 c5 2. c4 Nc6 3. Nc3 g6 4. g3 Bg7 5. Bg2 d6 6. Nge2 e6 7. d3 Nge7 8. O-O
O-O 9. h3 Bd7 10. f4 Rb8 11. Bd2 a6 12. a4 Nd4 13. Nxd4 Bxd4+ 14. Kh2 Bg7 15.
g4 f5 16. g5 Nc6 17. exf5 gxf5 18. h4 Nd4 19. h5 Bc6 20. Rg1 Bxg2 21. Rxg2 Qe8
22. h6 Bh8 23. Rg3 Qg6 24. Qf1 Rf7 25. Re1 b5 26. cxb5 axb5 27. axb5 Nxb5 28.
Nxb5 Rxb5 29. b4 Bd4 30. Qg2 Re7 31. Qc6 Rbb7 32. Qxd6 Rbd7 33. Qb8+ Kf7 34.
Kg2 c4 35. Be3 e5 36. dxc4 exf4 37. Qxf4 Be5 38. Qf3 Bxg3 39. Kxg3 Rd3 40. Kf2
Qe6 41. Re2 Rxe3 42. Qxe3 Qd6 43. Qxe7+ 1-0

[Event "7. Festival Benidorm 2008 - Sub-2000"]
[Site "Benidorm ESP"]
[Date "2008.12.02"]
[Round "4.26"]
[White "Arroyo Rodriguez, Jesus"]
[Black "Maseda Iglesias, Luis"]
[Result "1-0"]
[WhiteElo "1994"]
[BlackElo "1896"]
[PlyCount "119"]
[EventDate "2008.11.29"]
[EventRounds "9"]
[EventCountry "ESP"]
[Source "lmi"]
[SourceDate "2008.11.29"]

1. e4 e6 2. d4 d5 3. exd5 exd5 4. Nf3 Bd6 5. Bd3 Nc6 6. Bg5 Nge7 7. c3 O-O 8.
Nbd2 f6 9. Bh4 Bf5 10. Bxf5 Nxf5 11. O-O Nce7 12. Qe2 Qd7 13. Rae1 Ng6 14. Bg3
Nxg3 15. fxg3 Rae8 16. Qd3 c6 17. Rxe8 Rxe8 18. Re1 Rxe1+ 19. Nxe1 Qe6 20. Kf2
Ne7 21. Nb3 g6 22. Qe2 Kf7 23. Qxe6+ Kxe6 24. Nd3 b6 25. Kf3 Nf5 26. g4 Ng7 27.
Nbc1 h5 28. Ne2 hxg4+ 29. Kxg4 Nf5 30. Kf3 a5 31. Nef4+ Bxf4 32. Nxf4+ Kf7 33.
g4 Nd6 34. h4 Ne4 35. Nd3 c5 36. Nf4 cxd4 37. cxd4 Nd2+ 38. Ke2 Nc4 39. b3 Nd6
40. Nxd5 b5 41. Ke3 f5 42. g5 Ne4 43. Kf4 b4 44. h5 Nc3 45. hxg6+ Kg7 46. Nb6
Kxg6 47. d5 Nb5 48. Nc4 Nc7 49. Ne5+ Kg7 50. d6 Ne6+ 51. Kxf5 Nd4+ 52. Ke4 Ne6
53. d7 Kf8 54. Kf5 Ke7 55. g6 Ng7+ 56. Kg5 Ne6+ 57. Kh6 Kf8 58. g7+ Kg8 59. Nc6
a4 60. Ne7+ 1-0

[Event "7. Festival Benidorm 2008 - Sub-2000"]
[Site "Benidorm ESP"]
[Date "2008.12.02"]
[Round "4.27"]
[White "Ruiz Ureta, Ernesto"]
[Black "Olmos Rosa, Fernando"]
[Result "1-0"]
[WhiteElo "1993"]
[BlackElo "1875"]
[PlyCount "35"]
[EventDate "2008.11.29"]
[EventRounds "9"]
[EventCountry "ESP"]
[Source "lmi"]
[SourceDate "2008.11.29"]

1. e4 Nf6 2. e5 Nd5 3. d4 d6 4. Nf3 g6 5. Bc4 c6 6. a4 Bg4 7. Nbd2 e6 8. Ne4
Bxf3 9. Qxf3 dxe5 10. Bxd5 cxd5 11. Nf6+ Ke7 12. dxe5 Qa5+ 13. Bd2 Qc5 14. Bg5
Qc6 15. Nxd5+ Ke8 16. Nf6+ Ke7 17. O-O-O Bh6 18. Qa3+ 1-0

[Event "7. Festival Benidorm 2008 - Sub-2000"]
[Site "Benidorm ESP"]
[Date "2008.12.02"]
[Round "4.28"]
[White "Monserrat Castells, Julio"]
[Black "Castillo Lorente, Jose Luis"]
[Result "1-0"]
[WhiteElo "1993"]
[BlackElo "1872"]
[PlyCount "73"]
[EventDate "2008.11.29"]
[EventRounds "9"]
[EventCountry "ESP"]
[Source "lmi"]
[SourceDate "2008.11.29"]

1. d4 Nf6 2. Bg5 c5 3. Nc3 Qb6 4. d5 e6 5. Rb1 h6 6. Bxf6 gxf6 7. g3 Na6 8. Bg2
f5 9. Nh3 Bg7 10. Qd2 d6 11. e3 Bd7 12. Nf4 h5 13. h4 Rb8 14. O-O e5 15. Nfe2
Qd8 16. a3 Nc7 17. b4 Nb5 18. bxc5 Nxc3 19. Qxc3 O-O 20. cxd6 Rc8 21. Qb3 f4
22. exf4 Bf5 23. Rbc1 Qxd6 24. fxe5 Bxe5 25. c4 Bg4 26. Nc3 Qd7 27. Rfe1 Rce8
28. Ne4 f5 29. Nc5 Qf7 30. Ne6 f4 31. Rxe5 fxg3 32. Qxg3 Kh8 33. Nxf8 Rxf8 34.
Qe3 Kh7 35. Be4+ Bf5 36. Rxf5 Qg6+ 37. Rg5 1-0

[Event "7. Festival Benidorm 2008 - Sub-2000"]
[Site "Benidorm ESP"]
[Date "2008.12.02"]
[Round "4.29"]
[White "Amoros Moran, Jose Joaquin"]
[Black "Garcia Serrano, Jose Manuel"]
[Result "1-0"]
[WhiteElo "1988"]
[BlackElo "1871"]
[PlyCount "65"]
[EventDate "2008.11.29"]
[EventRounds "9"]
[EventCountry "ESP"]
[Source "lmi"]
[SourceDate "2008.11.29"]

1. e4 e5 2. Nf3 Nc6 3. Bb5 a6 4. Ba4 Nf6 5. O-O b5 6. Bb3 Be7 7. Re1 O-O 8. d4
exd4 9. e5 Ne8 10. Bd5 Rb8 11. a3 Kh8 12. b4 f6 13. e6 Ne5 14. Nxd4 c6 15. exd7
cxd5 16. dxc8=Q Qxc8 17. f4 Ng6 18. Ne6 Rg8 19. f5 Ne5 20. Qh5 Qxc2 21. Nc3 g6
22. fxg6 Rxg6 23. Nf4 Qxc3 24. Nxg6+ Nxg6 25. Bh6 Qd4+ 26. Kh1 Nc7 27. Rad1 Qb2
28. Re2 Qxa3 29. Rxe7 Nxe7 30. Qf7 Nf5 31. Qxf6+ Kg8 32. Qxf5 Rb6 33. Qf8# 1-0

[Event "7. Festival Benidorm 2008 - Sub-2000"]
[Site "Benidorm ESP"]
[Date "2008.12.02"]
[Round "4.62"]
[White "Castillo Pla, Emilio"]
[Black "Medialdea Fernandez, Hernando"]
[Result "0-1"]
[WhiteElo "1959"]
[BlackElo "1771"]
[PlyCount "108"]
[EventDate "2008.11.29"]
[EventRounds "9"]
[EventCountry "ESP"]
[Source "lmi"]
[SourceDate "2008.11.29"]

1. e4 d5 2. Nc3 d4 3. Nb1 e5 4. Nf3 Bg4 5. h3 Bxf3 6. Qxf3 Nf6 7. Bc4 Be7 8. d3
c6 9. a3 Nbd7 10. Nd2 O-O 11. O-O b5 12. Ba2 c5 13. Re1 Rc8 14. c3 Nb6 15. Qg3
Qd6 16. Nf3 Nfd7 17. Bd2 Bf6 18. cxd4 cxd4 19. Bb4 Nc5 20. Rac1 Rc7 21. Rc2 a5
22. Bxa5 Nxe4 23. Rxe4 Rxc2 24. Bb4 Qc7 25. Ng5 Bxg5 26. Qxg5 Re8 27. Rg4 g6
28. Qf6 Rxb2 29. Rxg6+ hxg6 30. Qxg6+ Kh8 31. Qh6+ Kg8 32. Qg6+ Kh8 33. Bxf7
Qc1+ 34. Kh2 Qf4+ 35. Qg3 Qxg3+ 36. Kxg3 Rc8 37. Bd6 Rc3 38. Bxe5+ Kh7 39. Be6
Rxd3+ 40. f3 Rdd2 41. Bf5+ Kg8 42. Kh4 Nc4 43. Be6+ Kf8 44. Bf6 Ra2 45. g4 Rxa3
46. f4 Ra6 47. f5 Rxe6 48. fxe6 Nd6 49. g5 Rf2 50. Bxd4 Nf5+ 51. Kh5 Nxd4 52.
Kg6 Nxe6 53. h4 Nxg5 54. hxg5 b4 0-1

[Event "7. Festival Benidorm 2008 - Sub-2000"]
[Site "Benidorm ESP"]
[Date "2008.12.07"]
[Round "4.80"]
[White "Laurentiu, Burlacu"]
[Black "Lopez Diaz, Rafael"]
[Result "1-0"]
[WhiteElo "1980"]
[BlackElo "1726"]
[PlyCount "91"]
[EventDate "2008.11.29"]
[EventRounds "9"]
[EventCountry "ESP"]
[Source "lmi"]
[SourceDate "2008.11.29"]

1. e4 c5 2. Nf3 d6 3. d4 cxd4 4. Nxd4 Nf6 5. Nc3 a6 6. f3 h6 7. Bc4 e5 8. Nde2
Be6 9. Nd5 Nbd7 10. Be3 Rc8 11. Bb3 Bxd5 12. Bxd5 Nxd5 13. exd5 Qh4+ 14. Bf2
Qb4+ 15. c3 Qxb2 16. a4 Rc7 17. O-O Nc5 18. a5 Qb5 19. Qc2 Be7 20. Rfb1 Qd7 21.
Rb6 O-O 22. Rab1 Rb8 23. c4 Qc8 24. Bxc5 Rxc5 25. Rxb7 Rxc4 26. Qd3 Qc5+ 27.
Kh1 Rc8 28. Rxe7 Rc1+ 29. Rxc1 Qxc1+ 30. Ng1 Qg5 31. Ra7 g6 32. Rxa6 Rc1 33.
Rc6 Ra1 34. a6 h5 35. Rc2 h4 36. Qd2 Qh5 37. Ra2 Rb1 38. a7 h3 39. a8=Q+ Kg7
40. Ra1 hxg2+ 41. Qxg2 Rb5 42. Qc6 Rb8 43. Qxd6 Rh8 44. Ra6 Qf5 45. Qg4 Qc2 46.
Qf6+ 1-0

[Event "7. Festival Benidorm 2008 - Sub-2000"]
[Site "Benidorm ESP"]
[Date "2008.12.03"]
[Round "5.1"]
[White "Rocher Muñoz Jordi"]
[Black "Hall, Rachid"]
[Result "0-1"]
[WhiteElo "1949"]
[BlackElo "1981"]
[PlyCount "70"]
[EventDate "2008.11.29"]
[EventRounds "9"]
[EventCountry "ESP"]
[Source "lmi"]
[SourceDate "2008.11.29"]

1. d4 e6 2. c4 f5 3. Nc3 Nf6 4. Bg5 Bb4 5. Nf3 d6 6. e3 Bxc3+ 7. bxc3 b6 8. Bd3
O-O 9. e4 h6 10. Bxf6 Qxf6 11. exf5 Bb7 12. fxe6 Qxe6+ 13. Kd2 Qg4 14. Rg1 Nd7
15. h3 Qf4+ 16. Kc2 Rae8 17. Qd2 Bxf3 18. Qxf4 Rxf4 19. gxf3 Rxf3 20. Rg2 Ref8
21. Rf1 Rxh3 22. Rfg1 g5 23. Be4 Rh4 24. Bd5+ Kg7 25. Re1 Nf6 26. Re7+ Kg6 27.
Bc6 Rf7 28. Re6 Kf5 29. Re2 g4 30. f3 h5 31. Ref2 Kg5 32. fxg4 Rxg4 33. Rh2 Re7
34. Bf3 Rg3 35. Bb7 Ng4 0-1

[Event "7. Festival Benidorm 2008 - Sub-2000"]
[Site "Benidorm ESP"]
[Date "2008.12.03"]
[Round "5.2"]
[White "Garcia Domingo, Jose Antonio"]
[Black "Tonus, Alex"]
[Result "1-0"]
[WhiteElo "1938"]
[BlackElo "1971"]
[PlyCount "85"]
[EventDate "2008.11.29"]
[EventRounds "9"]
[EventCountry "ESP"]
[Source "lmi"]
[SourceDate "2008.11.29"]

1. e4 c5 2. Ne2 d6 3. c4 Nf6 4. Nbc3 Nc6 5. d4 cxd4 6. Nxd4 g6 7. Be2 Bg7 8.
Be3 O-O 9. O-O Bd7 10. f3 a6 11. Qd2 Rb8 12. Rfd1 Re8 13. a3 b5 14. cxb5 Nxd4
15. Bxd4 axb5 16. e5 Nh5 17. exd6 Bxd4+ 18. Qxd4 e5 19. Qf2 Nf4 20. Bf1 Bc6 21.
Rac1 Re6 22. Qc5 Qd7 23. g3 Bxf3 24. gxf4 Rc8 25. Bxb5 Qd8 26. Qxc8 Qxc8 27. d7
Qc5+ 28. Kf1 Rd6 29. Rxd6 Qxd6 30. Ne4 Qb6 31. Rc8+ Kg7 32. d8=Q Qxb5+ 33. Kg1
Bxe4 34. Qf8+ Kf6 35. Qh8+ Ke6 36. Qe8+ Qxe8 37. Rxe8+ Kd6 38. Rxe5 Bc2 39. Kf2
Bb3 40. Ke3 Kc6 41. Kd4 h5 42. Kc3 f6 43. Rxh5 1-0

[Event "7. Festival Benidorm 2008 - Sub-2000"]
[Site "Benidorm ESP"]
[Date "2008.12.03"]
[Round "5.4"]
[White "Martinez Rubi, Alberto"]
[Black "Perera Borrego, Mariela"]
[Result "1/2-1/2"]
[WhiteElo "1999"]
[BlackElo "1856"]
[PlyCount "112"]
[EventDate "2008.11.29"]
[EventRounds "9"]
[EventCountry "ESP"]
[Source "lmi"]
[SourceDate "2008.11.29"]

1. e4 d6 2. d4 Nf6 3. Nc3 e5 4. Nf3 Nbd7 5. Bc4 Be7 6. O-O O-O 7. Re1 c6 8. a4
b6 9. d5 cxd5 10. Nxd5 Nxd5 11. Bxd5 Rb8 12. b3 Bb7 13. Bxb7 Rxb7 14. Ba3 Qc7
15. Qd3 Rc8 16. c4 Qc6 17. Rad1 Nc5 18. Bxc5 Qxc5 19. Re3 a6 20. Qd5 Qxd5 21.
Rxd5 g6 22. g4 f6 23. Nd2 Bf8 24. Red3 Kf7 25. Nf1 Ke6 26. Ne3 Rd7 27. Nc2 f5
28. gxf5+ gxf5 29. exf5+ Kxf5 30. Nd4+ Kf6 31. Rf3+ Ke7 32. Nf5+ Ke6 33. Ng3
Rg7 34. Kf1 Rg4 35. h3 Rh4 36. Kg2 Be7 37. Nf5 Rg8+ 38. Kf1 Rh5 39. Nd4+ Kd7
40. Nc2 Rf8 41. Rxf8 Bxf8 42. Rd3 Ke6 43. Nb4 Bh6 44. Nd5 e4 45. Rg3 b5 46.
axb5 axb5 47. Nc7+ Ke5 48. Nxb5 Bf4 49. Rg8 Rxh3 50. Re8+ Kf6 51. Rxe4 Kf5 52.
Re7 Kf6 53. Rd7 Rxb3 54. Rxh7 d5 55. Nd4 Rb1+ 56. Ke2 Ke5 1/2-1/2

[Event "7. Festival Benidorm 2008 - Sub-2000"]
[Site "Benidorm ESP"]
[Date "2008.12.03"]
[Round "5.5"]
[White "Wlogalski, Olivier"]
[Black "Mataix Arbona, Cesar"]
[Result "0-1"]
[WhiteElo "1938"]
[BlackElo "1987"]
[PlyCount "78"]
[EventDate "2008.11.29"]
[EventRounds "9"]
[EventCountry "ESP"]
[Source "lmi"]
[SourceDate "2008.11.29"]

1. b3 e5 2. Bb2 Nc6 3. e3 Nf6 4. Bb5 d6 5. d4 Bd7 6. Nf3 e4 7. Nfd2 d5 8. Be2
Nb8 9. c4 c6 10. Nc3 Bd6 11. O-O O-O 12. Rc1 Re8 13. a3 Na6 14. b4 Nc7 15. Na4
Ne6 16. Nc5 Bc8 17. cxd5 cxd5 18. Re1 Nf8 19. f3 b6 20. Ncb3 Bf5 21. f4 Qd7 22.
Nf1 Bg4 23. Rc3 Rec8 24. Bxg4 Nxg4 25. Rxc8 Rxc8 26. h3 Nf6 27. Qd2 Qa4 28. Na1
Rc4 29. Rc1 Qc6 30. Re1 Ne6 31. Qf2 Qa4 32. Nd2 Rc6 33. Qf1 Nc7 34. Rc1 Rxc1
35. Qxc1 Qb5 36. Nf1 Qc4 37. Qc2 Kf8 38. Nb3 h6 39. Na1 Qe2 0-1

[Event "7. Festival Benidorm 2008 - Sub-2000"]
[Site "Benidorm ESP"]
[Date "2008.12.03"]
[Round "5.6"]
[White "Beltran Garcia, Ruben"]
[Black "Iglesias Fernandez, Luis"]
[Result "1/2-1/2"]
[WhiteElo "1984"]
[BlackElo "1925"]
[PlyCount "44"]
[EventDate "2008.11.29"]
[EventRounds "9"]
[EventCountry "ESP"]
[Source "lmi"]
[SourceDate "2008.11.29"]

1. d4 Nf6 2. c4 g6 3. Nc3 Bg7 4. e4 d6 5. f3 O-O 6. Be3 e5 7. d5 Nh5 8. Qd2 f5
9. Nge2 f4 10. Bf2 Na6 11. O-O-O Bd7 12. Kb1 Nc5 13. Nc1 b6 14. Be2 a5 15. Nd3
a4 16. Rhg1 Qb8 17. g4 Nf6 18. h4 Qa7 19. Nb4 Qa5 20. Nc2 Rfb8 21. Na3 Bf8 22.
Qc2 Rb7 1/2-1/2

[Event "7. Festival Benidorm 2008 - Sub-2000"]
[Site "Benidorm ESP"]
[Date "2008.12.03"]
[Round "5.7"]
[White "Harutyunyan, Tigran"]
[Black "Simo Bordoy, Guillermo"]
[Result "1/2-1/2"]
[WhiteElo "1858"]
[BlackElo "1983"]
[PlyCount "71"]
[EventDate "2008.11.29"]
[EventRounds "9"]
[EventCountry "ESP"]
[Source "lmi"]
[SourceDate "2008.11.29"]

1. d4 Nf6 2. c4 d6 3. Nc3 Nbd7 4. e4 e5 5. d5 g6 6. Be3 Bg7 7. f3 O-O 8. Nh3
Ne8 9. g4 c5 10. Nf2 a6 11. h4 h6 12. Qd2 Kh7 13. h5 g5 14. Ne2 b5 15. b3 bxc4
16. bxc4 Rb8 17. Ng3 f6 18. Bd3 Rf7 19. O-O Nf8 20. Rfb1 Rfb7 21. Qc2 Nd7 22.
Rxb7 Rxb7 23. Rb1 Qc7 24. Bd2 Bf8 25. Rxb7 Qxb7 26. Ba5 Nb8 27. Nd1 Ng7 28. Qb2
Qxb2 29. Nxb2 Kg8 30. Na4 Nd7 31. Bc2 Kf7 32. Nc3 Be7 33. Ba4 Ke8 34. Bc7 Kf7
35. Nf1 Nf8 36. Bc6 1/2-1/2

[Event "7. Festival Benidorm 2008 - Sub-2000"]
[Site "Benidorm ESP"]
[Date "2008.12.03"]
[Round "5.8"]
[White "Sanchez Lopez, Diego"]
[Black "Trabazos Gallego, Javier"]
[Result "1-0"]
[WhiteElo "1983"]
[BlackElo "1913"]
[PlyCount "83"]
[EventDate "2008.11.29"]
[EventRounds "9"]
[EventCountry "ESP"]
[Source "lmi"]
[SourceDate "2008.11.29"]

1. e4 d5 2. exd5 Nf6 3. Bb5+ Nbd7 4. c4 g6 5. Nc3 Bg7 6. Nge2 O-O 7. d4 Nb6 8.
b3 a6 9. Ba4 Nxa4 10. Nxa4 Nd7 11. Nac3 b5 12. Be3 bxc4 13. bxc4 Nb6 14. Qb3
Bf5 15. c5 Nd7 16. Rd1 Rb8 17. Qc4 Nf6 18. Ng3 Qc8 19. O-O Ng4 20. Nxf5 gxf5
21. Bf4 Bh6 22. Bxh6 Nxh6 23. Rd3 Kh8 24. Rh3 Ng4 25. Qe2 f4 26. Qxe7 Qf5 27.
Qxc7 Rg8 28. Qe7 Rb2 29. Qe4 Qxe4 30. Nxe4 Rb4 31. Rd1 Rb2 32. Rf3 Re2 33. Nc3
Rc2 34. h3 Ne3 35. fxe3 Rgxg2+ 36. Kf1 Rh2 37. Kg1 fxe3 38. Rb1 Rxc3 39. d6
Rcc2 40. d7 Rcg2+ 41. Kf1 Rxa2 42. d8=Q+ 1-0

[Event "7. Festival Benidorm 2008 - Sub-2000"]
[Site "Benidorm ESP"]
[Date "2008.12.03"]
[Round "5.9"]
[White "Garcia Clemente, Julian Francisco"]
[Black "Marquez Ortiz De Zarate, Alberto"]
[Result "1-0"]
[WhiteElo "1963"]
[BlackElo "1755"]
[PlyCount "51"]
[EventDate "2008.11.29"]
[EventRounds "9"]
[EventCountry "ESP"]
[Source "lmi"]
[SourceDate "2008.11.29"]

1. d4 Nf6 2. c4 e5 3. dxe5 Ng4 4. Bf4 Nc6 5. Nf3 Bb4+ 6. Nbd2 Qe7 7. e3 Ngxe5
8. Nxe5 Nxe5 9. Be2 d6 10. O-O Bxd2 11. Qxd2 O-O 12. Rfd1 b6 13. Bxe5 dxe5 14.
Bf3 Rb8 15. Qc3 Bb7 16. Bxb7 Rxb7 17. Rd5 f6 18. Rad1 c6 19. Rd6 Rc8 20. b4 g6
21. Kf1 Rbc7 22. Qd2 Rb8 23. a3 Qf7 24. Qd3 Re8 25. e4 Re6 26. Rxe6 1-0

[Event "7. Festival Benidorm 2008 - Sub-2000"]
[Site "Benidorm ESP"]
[Date "2008.12.03"]
[Round "5.13"]
[White "Olias Muñoz, Francisco"]
[Black "Vazquez Rodriguez, Jorge"]
[Result "1-0"]
[WhiteElo "1920"]
[BlackElo "1998"]
[PlyCount "81"]
[EventDate "2008.11.29"]
[EventRounds "9"]
[EventCountry "ESP"]
[Source "lmi"]
[SourceDate "2008.11.29"]

1. e4 c5 2. Nf3 d6 3. d4 cxd4 4. Nxd4 Nf6 5. Nc3 e5 6. Nb3 Nc6 7. Bg5 Be7 8.
Bxf6 gxf6 9. Qh5 Be6 10. O-O-O Qb6 11. Nd5 Bxd5 12. exd5 Nb4 13. Kb1 Rc8 14. c3
Na6 15. Qf5 Kd8 16. Bxa6 bxa6 17. f4 Rf8 18. Rhe1 a5 19. Qe4 Rc7 20. Qa4 Rb7
21. Qxa5 Rg8 22. g3 exf4 23. gxf4 Rg2 24. Qxb6+ axb6 25. Rd2 Rxd2 26. Nxd2 Bf8
27. f5 Bh6 28. Nf3 Bf4 29. h3 h6 30. Nd4 Be5 31. Nc6+ Ke8 32. Kc2 b5 33. Re4
Kd7 34. Rh4 Kc7 35. Rxh6 Kb6 36. b4 Rc7 37. Kd3 Rc8 38. Nxe5 fxe5 39. Rxd6+ Kb7
40. Rd7+ Ka6 41. Rxf7 1-0

[Event "7. Festival Benidorm 2008 - Sub-2000"]
[Site "Benidorm ESP"]
[Date "2008.12.03"]
[Round "5.15"]
[White "Leroux, Mathieu"]
[Black "Muñoz Bornao, Miguel Angel"]
[Result "1-0"]
[WhiteElo "1996"]
[BlackElo "1902"]
[PlyCount "87"]
[EventDate "2008.11.29"]
[EventRounds "9"]
[EventCountry "ESP"]
[Source "lmi"]
[SourceDate "2008.11.29"]

1. e4 c5 2. Nc3 Nc6 3. g3 e6 4. Bg2 g6 5. d3 Bg7 6. Be3 d6 7. Qd2 Nge7 8. Nge2
O-O 9. Bh6 a6 10. Bxg7 Kxg7 11. O-O Qc7 12. Nd1 b5 13. Ne3 Bb7 14. c3 Rad8 15.
Rad1 f5 16. exf5 Nxf5 17. Nxf5+ Rxf5 18. f4 Ne7 19. d4 Bxg2 20. Kxg2 c4 21. Ng1
Nd5 22. Nf3 h6 23. Kg1 Rf6 24. Nh4 Rdf8 25. Ng2 Qf7 26. Rfe1 Qa7 27. Ne3 Nxe3
28. Rxe3 Qb7 29. Qe2 Qd5 30. Re1 Re8 31. Qg2 Qxg2+ 32. Kxg2 Kf7 33. d5 e5 34.
fxe5 Rxe5 35. Rxe5 dxe5 36. Rxe5 Rd6 37. Kf3 Kf6 38. Ke4 Kf7 39. Kd4 Kf6 40.
Re2 Kf5 41. h3 h5 42. Rf2+ Kg5 43. Kc5 Rd8 44. d6 1-0

[Event "7. Festival Benidorm 2008 - Sub-2000"]
[Site "Benidorm ESP"]
[Date "2008.12.03"]
[Round "5.16"]
[White "Todic, Simo"]
[Black "Lopez Garcia, Francisco Andres"]
[Result "0-1"]
[WhiteElo "1919"]
[BlackElo "1995"]
[PlyCount "124"]
[EventDate "2008.11.29"]
[EventRounds "9"]
[EventCountry "ESP"]
[Source "lmi"]
[SourceDate "2008.11.29"]

1. e4 c5 2. Nf3 e6 3. d4 cxd4 4. Nxd4 a6 5. c4 Nf6 6. Nc3 Qc7 7. Bd3 Nc6 8. Nf3
Be7 9. O-O O-O 10. Bg5 d6 11. Rc1 Ne5 12. Nxe5 dxe5 13. Qf3 b6 14. Rfd1 Bb7 15.
Be3 Rfd8 16. Qe2 Nd7 17. a3 Bc5 18. b4 Bd4 19. f3 Nb8 20. Qf2 Nc6 21. Be2 Bxe3
22. Qxe3 Nd4 23. Na4 Bc6 24. Nb2 Rd7 25. c5 b5 26. Rc3 a5 27. Nd3 a4 28. Nc1
Qd8 29. Rcd3 h6 30. R1d2 Qg5 31. Qxg5 hxg5 32. Kf2 Rad8 33. Bd1 g6 34. Ne2 f6
35. Ke3 f5 36. g3 f4+ 37. gxf4 gxf4+ 38. Kf2 Kf7 39. Nxd4 exd4 40. Ke1 Kf6 41.
Rg2 Rh7 42. Rdd2 e5 43. Bc2 g5 44. Rg1 Rdh8 45. Rgg2 Rh3 46. Rdf2 g4 47. Rxg4
Rxh2 48. Rfg2 Rxg2 49. Rxg2 Rh1+ 50. Kd2 Ra1 51. Rg8 Rxa3 52. Rd8 Ke7 53. Rd6
Bd7 54. Bd1 Ra2+ 55. Ke1 Be6 56. Rb6 Bc4 57. Rb7+ Ke6 58. Rb6+ Kd7 59. Rb7+ Kc6
60. Re7 a3 61. Rxe5 Ra1 62. Kd2 a2 0-1